| 000 | 00509nam a2200169 4500 | ||
|---|---|---|---|
| 001 | 111026 | ||
| 003 | ES-MaACL | ||
| 005 | 20230906185227.0 | ||
| 007 | t| | ||
| 008 | 061121s1974 sp r ||||1| spa d | ||
| 100 | 1 |
_aNadal Sauquet, A. _984812 |
|
| 245 | 1 | 0 |
_aInterpretación electrocardiográfica / _caplicación clínica por A. Nadal Sauquet. |
| 250 | _a3ª ed. corrg. y aum. | ||
| 260 |
_aBarcelona : _bToray, _c1974. |
||
| 300 |
_aXXIV, 799 p. : _bil ; _c25 cm. |
||
| 852 |
_aES-MaACL _jC-107 _bR.100057 |
||
| 999 |
_c111026 _d111026 |
||